Hangzhou Xiaoshan International Airport Destinations (Hangzhou, China) - Statistics

General Stats
  • This quiz has been taken 37 times
    14 since last reset
  • The average score is 60 of 160
Answer Stats
Airline Destination % Correct
Air China/Hainan Airlines/Loong Air/Shandong Airlines Beijing (Capital)
100%
Air China/Beijing Capital Airlines/China Eastern Airlines/China Southern Airlines/China United Airlines/Hebei Airlines/XiamenAir Beijing (Daxing)
100%
Air China/Cathay Pacific/China Eastern Airlines/Hong Kong Airlines/Loong Air/XiamenAir Hong Kong
100%
Air China/Beijing Capital Airlines/China Eastern Airlines/China Express Airlines/Hainan Airlines/Loong Air/Tibet Airlines/XiamenAir Xi'an
100%
Spring Airlines/Thai AirAsia/Thai Lion Air Bangkok (Don Mueang)
89%
Air China/Beijing Capital Airlines/Loong Air/Thai VietJet Air Bangkok (Suvarnabhumi)
89%
Air China/Beijing Capital Airlines/Chengdu Airlines/China Eastern Airlines/Loong Air/Sichuan Airlines/Tibet Airlines Chengdu (Shuangliu)
89%
Air China/China Eastern Airlines/Loong Air/Sichuan Airlines/Tianjin Airlines/XiamenAir Chengdu (Tianfu)
89%
9 Air/Air China/Beijing Capital Airlines/China Eastern Airlines/China Southern Airlines/Hainan Airlines/Loong Air/Shanghai Airlines/Shenzhen Airlines/Sichuan Airlines/XiamenAir Guangzhou
89%
Loong Air/Sriwijaya Air Jakarta (Soekarno Hatta)
89%
AirAsia X/China Eastern Airlines/Loong Air Kuala Lumpur (International)
89%
Air Macau/XiamenAir Macau
89%
Air China/Asiana Airlines/China Eastern Airlines/Spring Airlines Seoul (Incheon)
89%
Air China/EVA Air/XiamenAir Taipei (Taoyuan)
89%
Air China/All Nippon Airways Tokyo (Narita)
89%
China Eastern Airlines/Shandong Airlines/XiamenAir Xiamen
89%
Egyptair Cairo
78%
Air China/Beijing Capital Airlines/Loong Air/XiamenAir Osaka (Kansai)
78%
Air China/China Eastern Airlines/China Southern Airlines/Donghai Airlines/Hainan Airlines/Loong Air/Shenzhen Airlines/Suparna Airlines/XiamenAir Shenzhen
78%
China Eastern Airlines/Hebei Airlines/Scoot/XiamenAir Singapore
78%
Air China/Okay Airways/Sichuan Airlines/Tianjin Airlines/XiamenAir Tianjin
78%
China Eastern Airlines/China Southern Airlines/Loong Air/XiamenAir Wuhan
78%
Air China/Beijing Capital Airlines/China Express Airlines/Chongqing Airlines/Hainan Airlines/Loong Air/Sichuan Airlines/Tianjin Airlines/West Air/XiamenAir Chongqing
67%
China Eastern Airlines/Tibet Airlines Dali
67%
Qatar Airways Doha
67%
Air China/Emirates Dubai (International)
67%
Air China/Beijing Capital Airlines/China Eastern Airlines/Juneyao Air/Kunming Airlines/Lucky Air/Ruili Airlines/Sichuan Airlines/XiamenAir Kunming
67%
Beijing Capital Airlines Moscow (Sheremetyevo)
67%
Beijing Capital Airlines/China Eastern Airlines/Juneyao Air/Shandong Airlines/Tianjin Airlines/XiamenAir Qingdao
67%
Uzbekistan Airways Tashkent
67%
Air China/Beijing Capital Airlines/China Southern Airlines/Hainan Airlines/Loong Air/Shandong Airlines/Sichuan Airlines/Tianjin Airlines/Urumqi Air/XiamenAir Ürümqi
67%
Air China/Beijing Capital Airlines/China Southern Airlines/Hainan Airlines/Juneyao Air/Loong Air/Shanghai Airlines/Sichuan Airlines/XiamenAir Zhengzhou
67%
Royal Brunei Airlines Bandar Seri Begawan
56%
Air China/China Eastern Airlines/China Southern Airlines/Hebei Airlines/Loong Air/Sichuan Airlines/Suparna Airlines/XiamenAir Changchun
56%
Chengdu Airlines/China Southern Airlines/Dalian Airlines/Hainan Airlines/Loong Air/Tianjin Airlines/XiamenAir Dalian
56%
VietJet Air/Vietnam Airlines Da Nang
56%
Sriwijaya Air Denpasar
56%
Air China/Beijing Capital Airlines/Chengdu Airlines/China Southern Airlines/Donghai Airlines/Hainan Airlines/Loong Air/Lucky Air/Tianjin Airlines/XiamenAir Haikou
56%
Air China/Beijing Capital Airlines/China Southern Airlines/Hainan Airlines/Juneyao Air/Loong Air/Okay Airways/Sichuan Airlines/XiamenAir Harbin
56%
Air China/China Express Airlines/Hebei Airlines/XiamenAir Hohhot
56%
Sichuan Airlines/Tibet Airlines Lhasa
56%
Beijing Capital Airlines Melbourne
56%
Air China Phuket
56%
China Southern Airlines/Hainan Airlines/Jiangxi Air/Loong Air/Spring Airlines/XiamenAir Shenyang
56%
China Eastern Airlines Sydney
56%
China Eastern Airlines/Hainan Airlines/Loong Air/Shandong Airlines/XiamenAir Taiyuan
56%
China Eastern Airlines Auckland
44%
Hainan Airlines/Loong Air/XiamenAir Changsha
44%
China Eastern Airlines Datong
44%
Air Guilin/Beijing Capital Airlines/Juneyao Air/Shandong Airlines/XiamenAir Guilin
44%
XiamenAir Luoyang
44%
Beijing Capital Airlines Naha
44%
China Southern Airlines/Sichuan Airlines/XiamenAir Nanning
44%
Cambodia Angkor Air Phnom Penh
44%
Beijing Capital Airlines/China Southern Airlines/Hainan Airlines/Loong Air/Okay Airways/XiamenAir Sanya
44%
Air China/Beijing Capital Airlines/Loong Air/Shandong Airlines/XiamenAir Yinchuan
44%
China Express Airlines Baotou
33%
Thai AirAsia Chiang Mai
33%
Air China/Beijing Capital Airlines/China Eastern Airlines/China Southern Airlines/Chongqing Airlines/Colorful Guizhou Airlines/Hebei Airlines/Juneyao Air/Loong Air/Sichuan Airlines/Tianjin Airlines/XiamenAir Guiyang
33%
Beijing Capital Airlines/Loong Air/Spring Airlines Jeju
33%
Loong Air Kashgar
33%
Air China/Beijing Capital Airlines/Loong Air/Lucky Air Lijiang
33%
Juneyao Air Linfen
33%
China Eastern Airlines/Loong Air/Spring Airlines Linyi
33%
VietJet Air/Vietnam Airlines Nha Trang
33%
Air China Ordos
33%
China Eastern Airlines/Loong Air/XiamenAir Quanzhou
33%
Beijing Capital Airlines/Tianjin Airlines Tangshan
33%
Air China/Loong Air/Sichuan Airlines/XiamenAir Xining
33%
Air China/China Eastern Airlines/Hainan Airlines/Loong Air/Shandong Airlines/Tianjin Airlines Yantai
33%
China Southern Airlines/Loong Air Aksu
22%
XiamenAir Beihai
22%
Loong Air Bijie
22%
Loong Air Changbaishan
22%
Sichuan Airlines Changde
22%
China Express Airlines Changzhi
22%
China Express Airlines/Juneyao Air Chifeng
22%
Air China Daqing
22%
Loong Air/Tibet Airlines Dazhou
22%
Hainan Airlines/Loong Air Dongying
22%
Sichuan Airlines Dunhuang
22%
Beijing Capital Airlines/Loong Air Enshi
22%
China United Airlines Foshan
22%
Lucky Air Ganzhou
22%
Air China/Loong Air Guangyuan
22%
Air China Hailar
22%
Loong Air/Sichuan Airlines Handan
22%
Loong Air Heze
22%
Juneyao Air Huai'an
22%
Loong Air Huaihua
22%
Juneyao Air Huizhou
22%
China Eastern Airlines Jiamusi
22%
Sichuan Airlines Jiayuguan
22%
Air China/China Southern Airlines/Hainan Airlines/Spring Airlines Jieyang
22%
Loong Air Jingzhou
22%
Loong Air Jixi
22%
Air China Karamay
22%
Air China/Beijing Capital Airlines/Loong Air Korla
22%
AirAsia Kota Kinabalu
22%
Air China/Beijing Capital Airlines/China Eastern Airlines/China Southern Airlines/Loong Air/Sichuan Airlines/Spring Airlines/XiamenAir Lanzhou
22%
Beijing Capital Airlines Lisbon
22%
China Eastern Airlines/XiamenAir Liuzhou
22%
Sichuan Airlines/Tibet Airlines Luzhou
22%
Beijing Capital Airlines Madrid
22%
China Southern Airlines/Tianjin Airlines Meizhou
22%
Sichuan Airlines Mianyang
22%
China Eastern Airlines/XiamenAir Mudanjiang
22%
XiamenAir Nanchong
22%
Beijing Capital Airlines Nanyang
22%
Beijing Capital Airlines/Urumqi Air Qingyang
22%
Hainan Airlines Sapporo (Chitose)
22%
Donghai Airlines Shiyan
22%
Loong Air Tonghua
22%
Air China/Hebei Airlines Ulanqab
22%
Tianjin Airlines Wanzhou
22%
Loong Air Weifang
22%
Air China/Loong Air Weihai
22%
Juneyao Air Wuhai
22%
Loong Air Xiangyang
22%
Okay Airways Xingyi
22%
China Eastern Airlines Xinyang
22%
Beijing Capital Airlines/China Eastern Airlines/Loong Air/Okay Airways/Sichuan Airlines Xishuangbanna
22%
China Eastern Airlines Yanji
22%
Sichuan Airlines/Tibet Airlines Yibin
22%
Beijing Capital Airlines/Hainan Airlines Yichang
22%
Juneyao Air/Loong Air Yulin (Shaanxi)
22%
Air China/Shenzhen Airlines Yuncheng
22%
Hebei Airlines Zhangjiakou
22%
Air China/Juneyao Air Zhanjiang
22%
Sichuan Airlines Zhaotong
22%
China Southern Airlines/Hainan Airlines/Loong Air/Shandong Airlines/XiamenAir Zhuhai
22%
XiamenAir Zunyi (Maotai)
22%
Loong Air Zunyi (Xinzhou)
22%
Beijing Capital Airlines Ankang
11%
Loong Air Aral
11%
Hebei Airlines Chengde
11%
Loong Air Delingha
11%
Hainan Airlines Hanzhong
11%
Hainan Airlines/Tianjin Airlines Hengyang
11%
Sichuan Airlines Kangding
11%
China United Airlines Liping
11%
Urumqi Air Longnan
11%
Loong Air Lüliang
11%
Kunming Airlines Mangshi
11%
VietJet Air Phu Quoc
11%
Loong Air Qionghai
11%
Loong Air Rizhao
11%
Air China Rome (Fiumicino)
11%
Beijing Capital Airlines/Hainan Airlines/Hebei Airlines/Spring Airlines Shijazhuang
11%
Okay Airways Shizuoka
11%
China Express Airlines Tianshui
11%
Loong Air Tumxuk
11%
Loong Air Wenshan
11%
Loong Air Wulong
11%
Loong Air Wushan
11%
Sichuan Airlines Wuyishan
11%
Loong Air Yan'an
11%
Sichuan Airlines Daocheng
0%
China Eastern Airlines Jinggangshan
0%
Loong Air Muan
0%
No matching quizzes found
Score Distribution
Percent of People with Each Score
Percentile by Number Answered
Your Score History
You have not taken this quiz since the last reset